000
00248nam a22001097a 4500
008
170117b xxu||||| |||| 00| 0 eng d
020
_a
9781401815240
041
_a
eng
080
_a
618.2
245
_a
HEALTH& WELLNESS
_c
ROBINSON, J
942
_2
udc
_c
BK
999
_c
2997
_d
2997